01431nam a22003495a 4500003000900000005001700009008004100026020001500067020001900082035002100101040004400122082002000166100005000186245014900236264005900385300004600444336002600490337002800516338002700544500002300571504005100594600006900645650003400714651001000748653002500758655002400783700004100807700004800848942002400896999001500920952014600935EG-ScBUE20220403100352.0150827s1997 nyuab f bd 001 0deng d a0393976734 a97820393976731 a(DLC) 97007083 aEG-ScBUEbeng erdacEG-ScBUEdEG-ScBUE04a822.33bSHA2221 aShakespeare, William,‏d1564-1616,eauthor.14aThe Norton Shakespeare :bRomances and poems /cStephen Greenblatt [and three others] ; with an essay on the Shakespearean stage by Andrew Gurr. 1aNew York ;aLondon :bW. W. Norton and Company,c1997. a797 pages :billustrations, maps ;c25 cm 2rdacontentatextbtxt 2rdamediaaunmediatedbn 2rdacarrieravolumebnc aIncludes glossary. aIncludes bibliographical references and index.17aShakespeare, William,‏d1564-1616.tRomances and poems 2BUEsh 7aHumorous plays.2BUEsh940202 2BUEsh bHHUUEENNcAugust2015 vReading book9342321 aGreenblatt, Stephen,d1943-eeditor.1 aGurr, Andrew,eauthor of introduction, etc. cBBk822.33 SHA2ddc c7262d7262 00102ddc40708AlahramaMAINbMAINc2NDd2017-01-08ePurchasel1m2o822.33 SHAp000008327r2025-07-15 00:00:00s2018-08-16w2008-01-17yBB